000 00859nam a22002417a 4500
001 28894
003 UA-OsUOA
005 20210916135418.0
007 ta
008 20050512b un ||||| |||| 00| 0 ukr d
040 _aUA-OsUOA
_brus
_cUA-OsUOA
_dUA-OsUOA
041 _arus
044 _aRU
080 _a94(47+57)
090 _a94(47+57)
_bЧ-48
100 _aЧерменский Е. Д.
245 _aИстория СССР. Период империализма (90 гг. 19 в.-март 1917 г.)
_bпособие для студентов педагогических институтов
260 _aМ.
_bГосударствинное учебно-педагогическоеиздательство министерства просвещения РСФСР
_c1959
300 _a510 с.
650 7 _2UDC
942 _cBK
_2udc
955 _a0
999 _c315268
_d315268